LEADER 00980nam a2200265 i 4500 001 000000086493 003 CaOOAMICUS 005 20180830150010.0 008 180830s1980 xx u000 u und u 013 $a58733 020 $a88-18- 040 $aSeMil$bita 100 1 $aMancini, Italo,$d<1925-1993>.$0(OLS)http://semarc/name/2474 245 10$aCome continuare a credere. 260 $aMilano :$bRusconi,$c1980. 300 $a435 p. 600 04$aGesł Cristo.$0(OLS)http://semarc/subject/712 650 4$aFede.$0(OLS)http://semarc/subject/589 650 4$aAteismo.$0(OLS)http://semarc/subject/2022 650 4$aComunismo.$0(OLS)http://semarc/subject/9741 850 $aSeMil 852 $aSeMil$W1$xVenegono$y1$m72 7 14 *$j50160$B50160$CSeMilBibl$Z2$F54092 $81 996 $6020$a88-18-$9(OLS)http://semarc/number/66687 996 $6245$aCome continuare a credere$9(OLS)http://semarc/title/132790 996 $6260$aMilano :$bRusconi$9(OLS)http://semarc/publisher/30258 LEADER 01047nam a2200265 i 4500 001 000000036219 003 CaOOAMICUS 005 19960103000000.0 008 960103s1988 it u000 u ita u 013 $a5406 020 $a88-10-80225-X 040 $aSeMil$bita 245 10$aDialoghi locali :$b1965-1987 /$ca cura di Giovanni Cereti, Sever Voicu J. 300 $aXXX, 1844, 109 p. 490 0 $aStrumenti 650 4$aEcumenismo - Sec. 20. - Testi.$0(OLS)http://semarc/subject/217 700 1 $aVoicu, Sever J.$0(OLS)http://semarc/name/12594 700 1 $aCereti, Giovanni,$d<1933- >.$0(OLS)http://semarc/name/17036 773 0 $tEnchiridion Oecumenicum.$dBologna : EDB, 1986.$g2$w()785 830 0$aStrumenti.$0(OLS)http://semarc/title/6054 850 $aSeMil 852 $aSeMil$W1$xVenegono$y1$mSL1.X IV 32$j2374$B2374$CSeMilBibl$Z2$F2374 $8I 961 $aAcquisto: Centro Vendite Curia 996 $6020$a88-10-80225-X$9(OLS)http://semarc/number/4745 996 $6245$aDialoghi locali :$b1965-1987$9(OLS)http://semarc/title/50007